1181 1342 1990 1956 1010 1017 1204 1820 1297 1010 1036 1341 1593 1944 1806 1774 1701 1890 1010 1314 1612 1971 1775 1624 1408 1893 1785 1386 1481 1388 1918 1274 1277 1308 1008 1308 1954 1436 1068 1801 1696 1921 1927 1859 1637 1695 1409 1172 1133 1975 1102 1762 1562 1785 1259 1106 1278 1435 1333 1613 1541 1524 1277 1637 1176 1552 1895 1335 1513 1087 1705 1727 1220 1189 1456 1524 1110 1948 1745 1798 1196 1201 1663 1548 1656 1948 1829 1345 1837 1603 1336 1290 1176 1834 1823 1843 1981 1109 1580 BCNSPRNW ULIB Ver.6.0+V

เปลี่ยนเป็นภาษาไทย

Change to English
 แสดงรายละเอียดบรรณานุกรม
  กลับหน้าหลัก

Brief Record : Get Marc (ISO 2709) : E-mail record : QR code < ปิดหน้าต่าง
LEADER : 00000nam 2200000uu 4500
001    13399127890
003     ULIB
008    211025s2564||||th 000 0 tha d
020    ^a9786165650663
060  4 ^aWY152^bฐ354ม
100 0  ^aฐานุพงศ์ ศุภเลิศวรวิชญ์
245 10 ^aมือใหม่สำหรับผู้ดูแลผู้สูงอายุ = Beginner caregiver for elderly care /^cฐานุพงศ์ ศุภเลิศวรวิชญ์ บรรณาธิการ.
246 31 ^aBeginner caregiver for elderly care
250    ^aพิมพ์ครั้งที่ 3
260    ^aกรุงเทพฯ : AAA service,^c2564.
300    ^a290 หน้า : ภาพประกอบ
650  4 ^aการพยาบาลผู้สูงอายุ
945    ^p460^l0^i29012
945    ^p460^l0^i29013
945    ^p460^l0^i29014
945    ^p460^l0^i29634
945    ^p460^l0^i29635
945    ^p460^l0^i29636
999    ^aกัณชพร จุลอักษร
รายการนี้ยังไม่มีแท็ก
คุณยังไม่ได้ล็อกอิน คุณสามารถมีกิจกรรมร่วมกับเว็บไซต์ได้ แต่ต้องล็อกอินก่อน ::
  ล็อกอิน

รายการสื่อสารสนเทศ

ลำดับที่ ประเภท เลขเรียก/บาร์โค้ด สถานที่ สถานะ
1. หนังสือสำรอง
หนังสือสำรอง
WY152 ฐ354ม ฉ.1 
  Barcode: 29012
ห้องสมุดวิทยาเขตนครสวรรค์
►หนังสือทั่วไป:l:General Books
บนชั้น
2. วิทยาศาสตร์การแพทย์ และสุขภาพ
วิทยาศาสตร์การแพทย์ และสุขภาพ
WY152 ฐ354ม ฉ.2 
  Barcode: 29013
ห้องสมุดวิทยาเขตนครสวรรค์
►หนังสือทั่วไป:l:General Books
บนชั้น
3. วิทยาศาสตร์การแพทย์ และสุขภาพ
วิทยาศาสตร์การแพทย์ และสุขภาพ
WY152 ฐ354ม ฉ.3 
  Barcode: 29014
ห้องสมุดวิทยาเขตนครสวรรค์
►หนังสือทั่วไป:l:General Books
บนชั้น
4. วิทยาศาสตร์การแพทย์ และสุขภาพ
วิทยาศาสตร์การแพทย์ และสุขภาพ
WY152 ฐ354ม ฉ.4 
  Barcode: 29634
ห้องสมุดวิทยาเขตนครสวรรค์
►หนังสือทั่วไป:l:General Books
บนชั้น
5. วิทยาศาสตร์การแพทย์ และสุขภาพ
วิทยาศาสตร์การแพทย์ และสุขภาพ
WY152 ฐ354ม ฉ.5 
  Barcode: 29635
ห้องสมุดวิทยาเขตนครสวรรค์
►หนังสือทั่วไป:l:General Books
บนชั้น
6. วิทยาศาสตร์การแพทย์ และสุขภาพ
วิทยาศาสตร์การแพทย์ และสุขภาพ
WY152 ฐ354ม ฉ.6 
  Barcode: 29636
ห้องสมุดวิทยาเขตนครสวรรค์
►หนังสือทั่วไป:l:General Books
บนชั้น

รายการใกล้เคียง
    ผู้แต่ง [ฐานุพงศ์ ศุภเลิศวรวิชญ์]

    หัวเรื่อง [การพยาบาลผู้สูงอายุ]

BibComment


ยังไม่เคยถูกคอมเมนท์

คอมเมนท์ทรัพยากรรายการนี้
  คอมเมนท์: มือใหม่สำหรับผู้..


 Copyright 2026. Bcnsprnw @Library